000 01029nam a2200217Ii 4500
003 JO-AjNU
008 230605s9999||||xx |||||||||||||| ||und||
017 _a2019/1/435
040 _aJO-AjNU
_bara
_erda
_cJO-AjNU
041 _aara
050 1 4 _aPJ6066.W373 2019
100 3 _aإعداد فريق عمل مشروع واقع اللغة العربية للناطقين بغيرها,
_eauthor
_959278
245 0 0 _aواقع تعليم اللغة العربية للناطقين بغيرها في المملكة الأردنية الهاشمية
250 _aط1
264 3 1 _aعمان: اللجنة الوطنية الاردنية للنهوض باللغة العربية، 2019
300 _a310ص
_bيحنوي على ملحق الأول من ص293- 306 واللحق الثاني من ص309- 310
336 _atext
_btxt
_2rdacontent
337 _aunmediated
_bn
_2rdamedia
338 _avolume
_bnc
_2rdacarrier
650 4 _aتعليم اللغة الثانية- تدريس اللغات- اللغة العربية
_959279
999 _aA26667
_c30235
_d30235